00323nam a2200109Ia 4500008004000000082001200040100004600052245002800098260004500126300000800171650003400179210210b1951 xxu||||| |||| 00| 0 eng d a090/121 aBRITISH COUNCIL AND NATIONAL BOOK LEAGUE. aBritish book news 1949. aLondonbLongmans Green and Companyc1951 a888 aBritish National Bibliography